Oxford Dictionaries Top 1000 English Words - 57 Start with R - Statistics

General Stats
  • This quiz has been taken 4,711 times
  • The average score is 20 of 57
Answer Stats
R % Correct
Read
83%
Real
82%
Rest
79%
Run
79%
Right
68%
Race
61%
Rate
60%
Really
60%
Road
60%
Remember
58%
Rise
53%
Reach
50%
Rock
50%
Refer
49%
Reality
47%
Role
47%
Round
45%
Raise
44%
Rule
44%
Realize
43%
Return
42%
Room
41%
Reason
39%
Remain
39%
Record
38%
Report
36%
Reader
35%
Risk
35%
Relation
33%
Rather
32%
Receive
26%
Range
25%
Respect
25%
Reveal
25%
Remove
23%
Relationship
22%
Release
22%
Response
22%
Review
22%
Recent
21%
Represent
21%
Reduce
20%
Refuse
20%
Region
20%
Require
19%
Regard
18%
Research
18%
Recently
15%
Reflect
15%
Replace
15%
Recognize
13%
Related
13%
Result
13%
Resident
11%
Resource
11%
Responsibility
11%
Religious
10%
No matching quizzes found
Score Distribution
Percent of People with Each Score
Percentile by Number Answered
Your Score History
You have not taken this quiz